| 000 | 00480nam a2200193Ia 4500 | ||
|---|---|---|---|
| 005 | 20250423101125.0 | ||
| 008 | 250422s9999 xx 000 0 und d | ||
| 020 | _a8185386358 | ||
| 050 | _aQM 551 .B43/ | ||
| 100 | _aBharihoke Veena | ||
| 245 | 0 | _aTextbook of human histology | |
| 250 | _a1th ed. | ||
| 260 | _aDelhi | ||
| 260 | _bAITBS Publishers & Distributors | ||
| 260 | _c2000 | ||
| 300 | _a310 p | ||
| 650 | _a Human anatomy. Histology. | ||
| 942 | _cBK | ||
| 999 |
_c35360 _d35360 |
||